00720 a2200193 4500020001100000035001200011037004500023082001400068090001500082100001800097245015900115250001100274260003800285300002300323700001600346942002900362999001500391952012000406 c200.00 aB-47044 bRP-PR-137 / NCP-01-02:149 / RP-01-02:ENG14a343.54052 c2615d26151 aAhuja, Girish1 aBharat's pactical approach to income tax, wealth tax & central sales taxbproblems & solutions with multiple choice questionscby Girish Ahuja, Ravi Gupta a4th ed aNew DelhibBharat Law Housec2002 a558 pc24 cm (pbk) aGupta, Ravi adplcENk343.54052 / AHU c2572d2572 00102ddc40708NFICaPRbPRg200.00l0o343.54052 AHUpB-47044r2008-09-15 00:00:00u2718v200.00w2008-09-15yEN